<?xml version="1.0" encoding="UTF-8"?>
<record
    xmlns:xsi="http://www.w3.org/2001/XMLSchema-instance"
    xsi:schemaLocation="http://www.loc.gov/MARC21/slim http://www.loc.gov/standards/marcxml/schema/MARC21slim.xsd"
    xmlns="http://www.loc.gov/MARC21/slim">

  <leader>00769nam a22002297a 4500</leader>
  <controlfield tag="001">2876</controlfield>
  <controlfield tag="003">HMS</controlfield>
  <controlfield tag="005">20251024100117.0</controlfield>
  <controlfield tag="008">251024e1955    cl  |||gr|||| 00| d spa  </controlfield>
  <datafield tag="040" ind1=" " ind2=" ">
    <subfield code="a">hms</subfield>
    <subfield code="b">spa</subfield>
    <subfield code="c">hms</subfield>
  </datafield>
  <datafield tag="082" ind1="0" ind2="4">
    <subfield code="a">862 C146</subfield>
  </datafield>
  <datafield tag="100" ind1="1" ind2=" ">
    <subfield code="a">Calder&#xF3;n de la Barca, Pedro, </subfield>
    <subfield code="d">1600-1681</subfield>
    <subfield code="e">autor</subfield>
    <subfield code="9">4506</subfield>
  </datafield>
  <datafield tag="245" ind1="1" ind2="3">
    <subfield code="a">La vida es un sue&#xF1;o :</subfield>
    <subfield code="c">Pedro Calder&#xF3;n de la Barca ; Edici&#xF3;n prolongada por Alfredo Lefebvre. </subfield>
    <subfield code="h">[libro]</subfield>
  </datafield>
  <datafield tag="250" ind1=" " ind2=" ">
    <subfield code="a">2&#xAA; edici&#xF3;n 1951</subfield>
  </datafield>
  <datafield tag="260" ind1=" " ind2=" ">
    <subfield code="a">Santiago de Chile :</subfield>
    <subfield code="b">Empresa Editora Zig-Zag,</subfield>
    <subfield code="c">c 1955</subfield>
  </datafield>
  <datafield tag="300" ind1=" " ind2=" ">
    <subfield code="a">260 p&#xE1;ginas :</subfield>
    <subfield code="c">17 cm.</subfield>
  </datafield>
  <datafield tag="490" ind1="0" ind2=" ">
    <subfield code="a">Biblioteca Zig-Zag</subfield>
    <subfield code="a">Serie Verde</subfield>
    <subfield code="x">No. 79-80</subfield>
  </datafield>
  <datafield tag="500" ind1=" " ind2=" ">
    <subfield code="a">Comedia famosa y autor sacramental.</subfield>
  </datafield>
  <datafield tag="500" ind1=" " ind2=" ">
    <subfield code="a">Incluye &#xED;ndice</subfield>
  </datafield>
  <datafield tag="651" ind1=" " ind2="7">
    <subfield code="a">Dramas espa&#xF1;oles</subfield>
    <subfield code="9">4507</subfield>
  </datafield>
  <datafield tag="942" ind1=" " ind2=" ">
    <subfield code="2">ddc</subfield>
    <subfield code="c">CP</subfield>
    <subfield code="n">0</subfield>
  </datafield>
  <datafield tag="999" ind1=" " ind2=" ">
    <subfield code="c">2876</subfield>
    <subfield code="d">2876</subfield>
  </datafield>
  <datafield tag="952" ind1=" " ind2=" ">
    <subfield code="0">0</subfield>
    <subfield code="1">0</subfield>
    <subfield code="2">ddc</subfield>
    <subfield code="4">0</subfield>
    <subfield code="7">0</subfield>
    <subfield code="8">Col. Res.</subfield>
    <subfield code="a">BHMS</subfield>
    <subfield code="b">BHMS</subfield>
    <subfield code="c">Full Space</subfield>
    <subfield code="d">2025-10-23</subfield>
    <subfield code="e">Donaci&#xF3;n</subfield>
    <subfield code="i">001239</subfield>
    <subfield code="l">0</subfield>
    <subfield code="o">862 C146 1955</subfield>
    <subfield code="p">001239</subfield>
    <subfield code="r">2025-10-23 10:30:00</subfield>
    <subfield code="t">c.1</subfield>
    <subfield code="w">2025-10-23</subfield>
    <subfield code="y">CP</subfield>
  </datafield>
</record>
